000 00659nam a2200229Ia 4500
003 OSt
005 20220923224914.0
006 a|||||r|||| 00| 0
007 ta
008 220922b |||||||| |||| 00| 0 hin d
024 _a253,490
037 _cTextual
040 _aARTS
_cARTS
_bhin
041 _2hin
_ahin
082 _aO152,3N12:g, M3
100 _aविष्णु प्रभाकर
_9156271
245 0 _aव्यक्ति और साहित्य
246 _aVyakti aur sāhitya
260 _c1983
942 _hO152,3N12:g, M3
_cTEXL
_2CC
999 _c374573
_d374573